Normal view
MARC view
Entry Personal Name
001 - CONTROL NUMBER
- control field: 1238369
003 - CONTROL NUMBER IDENTIFIER
- control field: OSt
005 - DATE AND TIME OF LATEST TRANSACTION
- control field: 20260430150814.0
008 - FIXED-LENGTH DATA ELEMENTS
- fixed length control field: 260430|| aca||aabn | a|a d
040 ## - CATALOGING SOURCE
- Original cataloging agency: OSt
- Transcribing agency: OSt
100 ## - HEADING--PERSONAL NAME
- Personal name: दिल्ली विश्वविद्यालय. समाजिक विज्ञान. राजनीतिक विज्ञान विभाग
670 ## - SOURCE DATA FOUND
- Source citation: Work cat.: (OSt)1850858: अलका, ले., दलित धार्मिक परिवर्तन के विभिन्न आयाम: हरियाणा राज्य के विशष सन्दर्भ में, 2024
